000 00949npm a2200253 i 4500
001 5188
003 ES-MaACL
005 20230908135139.0
007 hzrazu bucu
008 900420r19901832xxk a 00010 eng d
080 _a61(05)(418.3)
080 _a54(05)(418.3)
080 _a05(42)
245 0 4 _aThe Dublin Journal of Medical and Chemical Science
_b: [Microforma].
260 _aMadrid :
_bAteneo Cientifico, Literario y Artistico,
_c1990.
300 _a3 carretes de microfilme :
_bnegativo ;
_c16 mm.
500 _aPublicado originalmente: Dublin, Hodges and Smith, 1832 a 1941, periodicidad bimestral.
505 8 _aCarrete n.1: 1832 (mar.) a 1837 (abr.) -- Carrete n. 2: 1837 (mayo) a 1939 (agos.) -- Carrete n. 3: 1839 (sept.) a 1841 (jun.)
650 1 4 _aObras de 1800.
_915662
852 _aES-MaACL
_jMC-404-406
_95305
_cDEPO1
942 _2udc
_cMICROFORMA
999 _c5188
_d5188